000
00318nam a2200133Ia 4500
005
20251222153521.0
008
251222s9999||||xx |||||||||||||| ||spa||
082
_a
300/L87
100
_a
López López, F. Javier
245
0
_a
100 Preguntas sobre Masstricht:
250
_a
1ra. ed.
264
_b
Tiempo
942
_c
LIB
999
_c
29727
_d
29727